|
|
|
|
| LEADER |
00644nab a2200181 i 4500 |
| 001 |
acta27549 |
| 005 |
20210223124631.0 |
| 008 |
161017s1989 hu o 0|| hun d |
| 022 |
|
|
|a 1219-0039
|
| 040 |
|
|
|a SZTE Egyetemi Kiadványok Repozitórium
|b hun
|
| 041 |
|
|
|a hun
|
| 100 |
1 |
|
|a Pesti Gézáné
|
| 245 |
1 |
2 |
|a A Hangok-betűk című témakör tanításának tervezése
|h [elektronikus dokumentum] :
|b 2. osztály /
|c Pesti Gézáné
|
| 260 |
|
|
|c 1989
|
| 300 |
|
|
|a 21-28
|
| 490 |
0 |
|
|a Módszertani közlemények
|v 29 No. 1
|
| 695 |
|
|
|a Neveléstudomány
|
| 856 |
4 |
0 |
|u http://acta.bibl.u-szeged.hu/27549/1/modszertani_029_001_021-028.pdf
|z Dokumentum-elérés
|